| 000 | 00380nam a2200145Ia 4500 | ||
|---|---|---|---|
| 005 | 20250729165701.0 | ||
| 008 | 250729s2010 xx 000 0 und d | ||
| 041 | _aeng | ||
| 082 | _a930.7 RAGH | ||
| 100 |
_aM.Raghavendra Prabu _9230493 |
||
| 245 | _aHistory II P U Text Book | ||
| 260 |
_aMangalore _bJai Bhatrath Prakashan _c2010 |
||
| 300 | _a363p | ||
| 650 |
_aHistory _9230494 |
||
| 999 |
_c238809 _d238809 |
||